Análisis de los recursos, usos y competencias tecnológicas del profesorado universitario para comprender y mejorar el proceso de aprendizaje del alumnado (Record no. 204959)
[ view plain ]
| 000 -CABECERA | |
|---|---|
| campo de control de longitud fija | 02516cab a2200301 ab4500 |
| 005 - FECHA Y HORA DE LA ÚLTIMA TRANSACCIÓN | |
| campo de control | 20250516115621.0 |
| 008 - ELEMENTOS DE LONGITUD FIJA--INFORMACIÓN GENERAL | |
| campo de control de longitud fija | 991125c2019 sp tr p o 000 0 spa d |
| 035 ## - NÚMERO DE CONTROL DEL SISTEMA | |
| Número de control de sistema | UPN01000232864 |
| 040 ## - FUENTE DE LA CATALOGACIÓN | |
| Centro catalogador/agencia de origen | MX-MxUPN |
| Lengua de catalogación | spa |
| Centro/agencia transcriptor | MX-MxUPN |
| Normas de descripción | aacr2 |
| 049 ## - COLECCIÓN | |
| Colección | ART-E |
| 100 1# - ASIENTO PRINCIPAL--NOMBRE PERSONAL | |
| Nombre de persona | Barroso Osuna, Julio Manuel |
| 100 1# - ASIENTO PRINCIPAL--NOMBRE PERSONAL | |
| Nombre de persona | Matos Alcántara, Vissy Yanet |
| 100 1# - ASIENTO PRINCIPAL--NOMBRE PERSONAL | |
| Nombre de persona | Aguilar Gavira, Sonia |
| 245 10 - MENCIÓN DE TÍTULO | |
| Título | Análisis de los recursos, usos y competencias tecnológicas del profesorado universitario para comprender y mejorar el proceso de aprendizaje del alumnado |
| Medio | [recurso electrónico en línea] |
| 506 0# - NOTA DE RESTRICCIONES AL ACCESO | |
| Limitaciones de acceso | Acceso abierto |
| 520 3# - NOTA DE RESUMEN, ETC. | |
| Sumario, etc. | Las Tecnologías de la Información y la Comunicación suponen una valiosa fuente de interacción, construcción y difusión del conocimiento para el alumnado, aunque para ello, debe producirse una conversión del papel docente, abandonándose como eje vertebrador de la información y el conocimiento y donde la adquisición de unas competencias pedagógicas adquiere igual o mayor importancia que la tecnológica. El presente artículo tiene como finalidad conocer las posibles barreras que dificultan el aprendizaje del alumnado a través de las TIC. Para ello, ofreceremos los resultados alcanzados en una investigación llevada a cabo en la Pontificia Universidad Católica Madre y Maestra, en la ciudad de Santo Domingo, donde se analizaron los recursos tecnológicos disponibles, uso que se hace de ellos, así como la actitud y formación del profesorado. Se trata de una investigación descriptiva, con una metodología mixta donde se combinan técnicas cualitativas y cuantitativas. Según los resultados alcanzados, la formación recibida por el profesorado es escasa y centrada básicamente en aspectos técnicos, lo que dificulta el uso de las mismas con su alumnado desde un punto de vista pedagógico. La escasa competencia percibida en el propio profesorado provoca desmotivación y poca iniciativa para incorporarla en el proceso de enseñanza-aprendizaje. RIE |
| 650 #2 - ASIENTO SECUNDARIO DE MATERIA - TERMINO TEMATICO | |
| Término de materia o nombre geográfico como elemento de entrada | Recursos educativos |
| 9 (RLIN) | 9810 |
| 650 #4 - ASIENTO SECUNDARIO DE MATERIA - TERMINO TEMATICO | |
| Término de materia o nombre geográfico como elemento de entrada | Tecnología educativa |
| 9 (RLIN) | 4978 |
| 650 #4 - ASIENTO SECUNDARIO DE MATERIA - TERMINO TEMATICO | |
| Término de materia o nombre geográfico como elemento de entrada | Proceso enseñanza-aprendizaje |
| 9 (RLIN) | 42 |
| 653 0# - TERMINO DE INDIZACION - NO CONTROLADO | |
| Término no controlado | Competencias digitales |
| 653 0# - TERMINO DE INDIZACION - NO CONTROLADO | |
| Término no controlado | Competencias docentes |
| 773 ## - ENLACE AL DOCUMENTO FUENTE/ENTRADA DE REGISTRO ANFITRIÓN | |
| Parte(s) relacionada(s) | Vol. 80, no. 1, esp. (2019), p. 193-217 |
| Título | Revista iberoamericana de educación |
| Número Internacional Normalizado para Publicaciones Seriadas | 1681-5653 |
| 856 4# - LOCALIZACIÓN Y ACCESO ELECTRÓNICOS | |
| Identificador Uniforme del Recurso | <a href="https://rieoei.org/RIE/article/view/3466/4037">https://rieoei.org/RIE/article/view/3466/4037</a> |
| 856 4# - LOCALIZACIÓN Y ACCESO ELECTRÓNICOS | |
| Identificador Uniforme del Recurso | <a href="https://doi.org/10.35362/rie8013466">https://doi.org/10.35362/rie8013466</a> |
| 902 ## - ELEMENTOS DE DATOS B LOCAL, LDB (RLIN) | |
| Creó | Leonor Sotres/160525 |
| 905 ## - TIPO DE MATERIAL | |
| Tipo de material | Articulo |
| 942 ## - ELEMENTOS DE PUNTO DE ACCESO ADICIONAL (KOHA) | |
| Tipo de ítem Koha | Artículo Electrónico |
No items available.
